Digitální prostředí a jeho vliv na kupní rozhodování specifické skupiny zákazníků

Hlavné sily formujúce digitálny (internetový) vek. Analýza zmien vyvolaných procesom digitalizácie do rozhodovania o nákupe špecifickej skupiny spotrebiteľov s potrebou potravín pre bezlepkovú diétu.

Gespeichert in:
Bibliographische Detailangaben
1. Verfasser: Hes, Aleš
Weitere Verfasser: Šálková, Daniela, Regnerová, Marta
Format: Buchkapitel
Sprache:Tschechisch
Schlagworte:
Tags: Tag hinzufügen
Keine Tags, Fügen Sie das erste Tag hinzu!

MARC

LEADER 00000naa a2200000 4500
001 0250923
005 20220714120559.0
041 0 |a cze 
044 |a CZ 
245 1 0 |a Digitální prostředí a jeho vliv na kupní rozhodování specifické skupiny zákazníků  |c Aleš Hes, Daniela Šálková, Marta Regnerová 
520 |a Hlavné sily formujúce digitálny (internetový) vek. Analýza zmien vyvolaných procesom digitalizácie do rozhodovania o nákupe špecifickej skupiny spotrebiteľov s potrebou potravín pre bezlepkovú diétu. 
610 2 0 |a digitalizácia 
610 2 0 |a rozhodovanie nákupné 
610 2 0 |a správanie spotrebiteľa 
610 2 0 |a potraviny 
610 2 0 |a stratégia marketingová 
100 1 |a Hes, Aleš 
700 1 |a Šálková, Daniela 
700 1 |a Regnerová, Marta